000 00489nam a22001937a 4500
005 20260204152514.0
008 260204b |||||||| |||| 00| 0 eng d
020 _a9788199232938
_c1525.00
040 _aMAIN
041 _aEnglish
082 _a520
_bOLM
100 _aOlmstead, Matthew
_926190
245 _aExploration Introduction to Astronomy
260 _aNew Delhi
_bBlackwell
_c2026
300 _a248
650 _aPhysics
700 _aLowentha, James
_926191
942 _cBK
999 _c60230
_d60230